Así hablaba Zaratustra
Reconocida como la obra magna de Nietzsche, donde sistematiza los principales supuestos de su filosofía bajo un estilo auténticamente literario-poético. Parte de la imagen del mismo personaje que representa la obra: Zaratustra, sobre quien se desenvuelven una serie de relatos y discursos vinculados...
Gardado en:
| Autor Principal: | |
|---|---|
| Formato: | Libro |
| Idioma: | Undetermined |
| Publicado: |
México, Distrito Federal
Editorial Filosófica
1956
|
| Materias: | |
| Etiquetas: |
Engadir etiqueta
Sen Etiquetas, Sexa o primeiro en etiquetar este rexistro!
|
MARC
| LEADER | 00000nam a2200000Ia 4500 | ||
|---|---|---|---|
| 008 | 170316s9999 xx 000 0 und d | ||
| 040 | |a cru BVZT | ||
| 090 | |a 100 N-6as | ||
| 100 | |a Nietzsche, Federico |9 590 | ||
| 245 | |a Así hablaba Zaratustra |c / Federico Nietzsche, | ||
| 260 | |a México, Distrito Federal |b Editorial Filosófica |c 1956 | ||
| 300 | |a 253 páginas | ||
| 520 | |a Reconocida como la obra magna de Nietzsche, donde sistematiza los principales supuestos de su filosofía bajo un estilo auténticamente literario-poético. Parte de la imagen del mismo personaje que representa la obra: Zaratustra, sobre quien se desenvuelven una serie de relatos y discursos vinculados al profeta histórico iraní Zoroastro. De esta manera se va armando la trama que va introduciendo los problemas nietzscheanos de la muerte de Dios, el Übermensch (superhombre), la voluntad de poder y el eterno retorno. | ||
| 650 | |a FILOSOFÍA |9 5 | ||
| 650 | |a ZARATUSTRA |9 103 | ||
| 999 | |c 1745 |d 1745 | ||
| 942 | |c 15 D |h 100 N-6as |2 z | ||
